<?xml version="1.0" encoding="UTF-8"?><?xml-stylesheet type="text/xsl" href="static/style.xsl"?><OAI-PMH xmlns="http://www.openarchives.org/OAI/2.0/" xmlns:xsi="http://www.w3.org/2001/XMLSchema-instance" xsi:schemaLocation="http://www.openarchives.org/OAI/2.0/ http://www.openarchives.org/OAI/2.0/OAI-PMH.xsd"><responseDate>2026-04-17T14:44:28Z</responseDate><request verb="GetRecord" identifier="oai:www.recercat.cat:20.500.14342/5267" metadataPrefix="marc">https://recercat.cat/oai/request</request><GetRecord><record><header><identifier>oai:recercat.cat:20.500.14342/5267</identifier><datestamp>2025-05-24T14:28:44Z</datestamp><setSpec>com_2072_482405</setSpec><setSpec>com_2072_183628</setSpec><setSpec>col_2072_482410</setSpec></header><metadata><record xmlns="http://www.loc.gov/MARC21/slim" xmlns:dcterms="http://purl.org/dc/terms/" xmlns:xsi="http://www.w3.org/2001/XMLSchema-instance" xmlns:doc="http://www.lyncode.com/xoai" xsi:schemaLocation="http://www.loc.gov/MARC21/slim http://www.loc.gov/standards/marcxml/schema/MARC21slim.xsd">
   <leader>00925njm 22002777a 4500</leader>
   <datafield ind2=" " ind1=" " tag="042">
      <subfield code="a">dc</subfield>
   </datafield>
   <datafield ind2=" " ind1=" " tag="720">
      <subfield code="a">Marqués-Pascual, Joaquín</subfield>
      <subfield code="e">author</subfield>
   </datafield>
   <datafield ind2=" " ind1=" " tag="720">
      <subfield code="a">Fondevila-Gascón, Joan-Francesc</subfield>
      <subfield code="e">author</subfield>
   </datafield>
   <datafield ind2=" " ind1=" " tag="720">
      <subfield code="a">Violán, Miguel-Ángel</subfield>
      <subfield code="e">author</subfield>
   </datafield>
   <datafield ind2=" " ind1=" " tag="260">
      <subfield code="c">2024</subfield>
   </datafield>
   <datafield ind2=" " ind1=" " tag="520">
      <subfield code="a">Esta metainvestigación se focaliza en torno a los artículos publicados en catalán por las revistas científicas radicadas en los territorios donde se usa ese idioma (12), que utilicen sistemas de evaluación ciega por pares y estén indexadas en bases de datos de referencias bibliográficas. Se ha utilizado una metodología mixta (scoping review y cuestionarios a la dirección), analizándose toda la producción de es-tas publicaciones, algo más de 2.500 artículos, en el período 2011-2023, para determinar en primer lugar el idioma utilizado. Sobre los tex-tos publicados en catalán (417), se analizó la metodología empleada en cada artículo para determinar las técnicas más habituales y también su evolución a lo largo de los años. Los resultados alumbran carencias en temáticas concretas y en líneas de investigación, y un flujo mejorable de las propuestas científicas en catalán. Se concluye que se debe estimular la presencia del catalán en la investigación científica sobre comunicación, y que las consecuencias que genera la no utilización de las lenguas vernáculas en la publicación de artículos científicos pueden resultar peligrosas para la supervivencia de esas lenguas a largo plazo.</subfield>
   </datafield>
   <datafield ind2=" " ind1=" " tag="520">
      <subfield code="a">This meta-research focuses on articles published in Catalan by scientific journals based in the territories where that language is used (12) that use blind peer evaluation systems and are indexed in bibliographic reference databases. A mixed methodology has been used (scoping review and management questionnaires), analyzing the entire production of these publications, just over 2,500 articles, in the period 2011-2023, to first determine the lan-guage used. Regarding the texts published in Catalan (417), the methodology used in each article was analyzed to determine the most common techniques; also its evolution over the years. It concludes by pointing out certain shortcomings, both in specific topics and in lines of research, and point some proposals for the future. Also the consequences generated by the non-use of vernacular languages in the publication of scientific articles.</subfield>
   </datafield>
   <datafield ind1="8" ind2=" " tag="024">
      <subfield code="a">http://hdl.handle.net/20.500.14342/5267</subfield>
   </datafield>
   <datafield ind1="8" ind2=" " tag="024">
      <subfield code="a">https://doi.org/10.1387/zer.26829</subfield>
   </datafield>
   <datafield tag="653" ind2=" " ind1=" ">
      <subfield code="a">Català</subfield>
   </datafield>
   <datafield tag="653" ind2=" " ind1=" ">
      <subfield code="a">Comunicació</subfield>
   </datafield>
   <datafield tag="653" ind2=" " ind1=" ">
      <subfield code="a">Revistes</subfield>
   </datafield>
   <datafield ind2="0" ind1="0" tag="245">
      <subfield code="a">La presencia del catalán en la investigación científica sobre comunicación. Análisis de las metodologías utilizadas</subfield>
   </datafield>
</record></metadata></record></GetRecord></OAI-PMH>